| 000 | 00502nam a2200193Ia 4500 | ||
|---|---|---|---|
| 003 | IN-BaIIA | ||
| 008 | 211028s9999 xx 000 0 eng d | ||
| 040 | _cIIA Library | ||
| 080 |
_a532.5 _bLAM |
||
| 100 |
_aLamb, Horace _91511 |
||
| 245 | 0 |
_aHydrodynamics _cHorace Lamb |
|
| 250 | _a3rd ed. | ||
| 260 |
_aCambridge _bCambridge University Press _c1906 |
||
| 300 | _axv, 634p. | ||
| 650 |
_aFluid dynamics _91512 |
||
| 650 |
_aFluid mechanics _91513 |
||
| 650 |
_aHydrodynamics _91514 |
||
| 942 | _cBK | ||
| 999 |
_c710 _d710 |
||